| 000 | 00932nam a22001577a 4500 | ||
|---|---|---|---|
| 003 | OSt | ||
| 005 | 20151009100449.0 | ||
| 008 | 151009b xxu||||| |||| 00| 0 eng d | ||
| 040 | _cRUA | ||
| 082 | _aAVM MEN 2008 B070 Or.1 | ||
| 100 |
_92421 _aMENG, SOTHEA. |
||
| 245 | _aThe effect of leucaena leucocephala leaf complement in CPconcentrate on groowth rate of broiler chicken station at royal university of agriculture, ឥទ្ធិពលនៃការបន្ថែមស្លឹកកន្ធំថេតជាចំណីបន្ថែមលើចំណីផ្សំរបស់ក្រុមហ៊ុន CP ទៅលើការលូតលាស់មាន់សាច់នៅស្ថានីយ៍ពិសោធន៍សយ្វនៃសាកលវិទ្យាល័យភូមិន្ធកសិកម្ម. | ||
| 260 |
_aphnom phen _bRUA _c2008 |
||
| 300 |
_aXI,41p. _bill. _c29cm. |
||
| 942 |
_2ddc _cAVM |
||
| 999 |
_c2278 _d2278 |
||